1419 1092 1847 1542 1290 1660 1332 1503 1345 1242 1858 1663 1636 1717 1466 1671 1801 1285 1184 1062 1536 1754 1602 1411 1919 1093 1752 1505 1676 1841 1730 1027 1274 1176 1140 1934 1962 1544 1945 1510 1608 1639 1359 1747 1364 1177 1098 1625 1517 1833 1040 1333 1453 1566 1833 1261 1679 1800 1043 1073 1133 1503 1454 1605 1929 1627 1203 1971 1838 1055 1613 1110 1216 1330 1457 1668 1654 1822 1298 1078 1865 1195 1666 1725 1703 1172 1096 1607 1193 1573 1340 1239 1412 1101 1489 1936 1886 1422 1297 BCNSPRNW ULIB Ver.6.0+V

เปลี่ยนเป็นภาษาไทย

Change to English
 แสดงรายละเอียดบรรณานุกรม
  กลับหน้าหลัก

Brief Record : Get Marc (ISO 2709) : E-mail record : QR code < ปิดหน้าต่าง
LEADER : 00000nam 2200000uu 4500
001    13399128428
003     ULIB
008    230815s2563||||th 000 0 tha d
020    ^a9786163984869
060  0 ^aW74^bอ525ก
100 0  ^aอัญชลี เพิ่มสุวรรณ
245 10 ^aการประเมินความคุ้มค่าทางการแพทย์และการวิเคราะห์ผลกระทบด้านงบประมาณ^p[ฉบับปรับปรุง] /^cอัญชลี เพิ่มสุวรรณ ; บรรณาธิการ: สุรศักดิ์ เสาแก้ว
250    ^aพิมพ์ครั้งที่ 2^b(ฉบับปรับปรุง)
260    ^aเชียงใหม่ :^bคณะเภสัชศาสตร์ มหาวิทยาลัยเชียงใหม่,^c2563
300    ^axiป, 279 หน้า :^bภาพประกอบ ;^c25 ซม.
504    ^aมีบรรณานุกรมและดัชนี
505 0  ^aขั้นตอนการประเมินความคุ้มค่าทางการแพทย์ (Steps in conducingeconomic evaluation) -- การจำแนก การนับจำนวนและการประเมินมูลค่าต้นทุนในการประเมินความคุ้มค่าทางการแพทย์(Defining, measuring, and valuing costs for economicevaluation) -- การวัด การให้ค่าและการวิเคราะห์ผลลัพธ์ทางสุขภาพในการประเมินความคุ้มค่าทางการแพทย์(Measuring, valuing, and analyzing health outcomes foreconomic evaluation) --การประเมินความคุ้มค่าทางการแพทย์อย่างเต็มรูปแบบ (Full economicevaluation) --แบบจำลองการวิเคราะห์การตัดสินใจในการประเมินความคุ้มค่าทางการแพทย์:แบบจำลองแผนภูมิต้นไม้ (Decision analytic modelling foreconomic evaluation: decision tree model) --แบบจำลองการวิเคราะห์การตัดสินใจในการประเมินความคุ้มค่าทางการแพทย์:แบบจำลองมาร์คอฟ (Decision analytical modelling for economicevaluation: Markov model) -- การจัดการกับความไม่แน่นอน(Handling uncertainty) -- การวิเคราะห์ผลกระทบด้านงบประมาณ(Budget impact analysis) --การใช้ผลงานวิจัยด้านการประเมินความคุ้มค่าทางการแพทย์และการวิเคราะห์ผลกระทบด้านงบประมาณในการตัดสินใจเชิงนโยบาย (Use of findings fromeconomic evaluation and budget impact analysis fordecision making in health policy)
650  4 ^aค่าใช้จ่ายในการรักษาพยาบาล^xการวิเคราะห์ต้นทุน
650  4 ^aงบประมาณทางการแพทย์
650  4 ^aบริการทางการแพทย์^xการวิเคราะห์ต้นทุน
650  4 ^aบริการทางการแพทย์^xค่าใช้จ่าย
650  4 ^aโรงพยาบาล^xค่าใช้จ่ายในการดำเนินงาน
650  4 ^aโรงพยาบาล^xงบประมาณ
700 0  ^aสุรศักดิ์ เสาแก้ว,^eบรรณาธิการ
710 2  ^aมหาวิทยาลัยเชียงใหม่.^bคณะเภสัชศาสตร์
945    ^p350^l0^i010175
945    ^p350^l0^i010176
945    ^p350^l0^i010177
999    ^aประนอม เกษจรัล
รายการนี้ยังไม่มีแท็ก
คุณยังไม่ได้ล็อกอิน คุณสามารถมีกิจกรรมร่วมกับเว็บไซต์ได้ แต่ต้องล็อกอินก่อน ::
  ล็อกอิน

รายการสื่อสารสนเทศ

ลำดับที่ ประเภท เลขเรียก/บาร์โค้ด สถานที่ สถานะ
1. วิทยาศาสตร์การแพทย์ และสุขภาพ
หนังสือสำรอง
สถานะ=หนังสือสำรอง
W74 อ525ก ฉ.1 
  Barcode: 010175
ห้องสมุดวิทยาเขตสวรรค์ประชารักษ์
►หนังสือทั่วไป
บนชั้น
2. วิทยาศาสตร์การแพทย์ และสุขภาพ
วิทยาศาสตร์การแพทย์ และสุขภาพ
W74 อ525ก ฉ.2 
  Barcode: 010176
ห้องสมุดวิทยาเขตสวรรค์ประชารักษ์
►หนังสือทั่วไป
บนชั้น
3. วิทยาศาสตร์การแพทย์ และสุขภาพ
วิทยาศาสตร์การแพทย์ และสุขภาพ
W74 อ525ก ฉ.3 
  Barcode: 010177
ห้องสมุดวิทยาเขตสวรรค์ประชารักษ์
►หนังสือทั่วไป
บนชั้น

รายการใกล้เคียง
    ผู้แต่ง [อัญชลี เพิ่มสุวรรณ]

    หัวเรื่อง [งบประมาณทางการแพทย์]

BibComment


ยังไม่เคยถูกคอมเมนท์

คอมเมนท์ทรัพยากรรายการนี้
  คอมเมนท์: การประเมินความคุ..


 Copyright 2026. Bcnsprnw @Library